000 00662cam a2200133 4500500
005 20251228063027.0
041 _afre
042 _adc
245 0 0 _aLE GALL, Arnaud, L’électricité et les collectivités locales. Paris (France) : Editions du Moniteur (www. editionsdumoniteur.com), 2004. 157 p. (Les guides juridiques de la gazette) ISBN:2-281-12451-7. € 15,00
260 _c2005.
500 _a7
786 0 _nRevue Internationale des Sciences Administratives | 71 | 3 | 2005-09-01 | p. 567k-571k | 0303-965X
856 4 1 _uhttps://droit.cairn.info/revue-internationale-des-sciences-administratives-2005-3-page-567k?lang=fr&redirect-ssocas=7080
999 _c1588754
_d1588754